000 00916nmm a2200277 a 4500
001 ocm0001256964
003 TR-IsHL
005 20201028160755.0
008 160715s2011 tu tur
007 cr cn
020 _a9786054205301
035 _a1256964
_b(N$T)
050 0 4 _aQA76.76.D4
_bC36 2011
090 0 4 _aQA76.76.D4
_bC36 2011
100 1 _aÇamoğlu, Kadir
245 1 0 _a10 Adımda Yazılım geliştirme
_h[electronic resource] /
_cKadir Çamoğlu
250 _a2. basım
260 _aİstanbul :
_bKodlab Yayınevi,
_c2011
300 _a382 p.
650 4 _aBilgisayar
650 4 _aComputer Sciences
650 0 _aBilgisayar yazılımı
_xGeliştirme
650 0 _aComputer software
_xDevelopment
650 7 _aCOMPUTERS / Software Development & Engineering / General
_2bisacsh
856 4 0 _uhttp://search.ebscohost.com/login.aspx?direct=true&scope=site&db=e011xww&AN=1256964
999 _c13774
_d13774